Realismo socialista Cecoslovacchia 1948-1989 = Socialist realism Czechoslovakia 1948-1989 = Socialistický realismus Československo 1948-1989 /
| Corporate Author: | Villa Manin di Passariano |
|---|---|
| Other Authors: | Razetto, Francesco Augusto, 1965-, Razetto, Ottaviano Maria, 1974- |
| Language: | Italian Czech English |
| Published: |
Praha : Fondazione Eleutheria, 2012 |
| Subjects: | |
| Online Access: |
Digitalizovaný dokument
|
| Physical Description: |
208 s. : barev. il. ; 31 cm |
| Language note: |
Souběžný český a anglický text |
| LEADER | 02469nam a2200553 a 4500 | ||
|---|---|---|---|
| 001 | nkc20122277402 | ||
| 003 | CZ PrNK | ||
| 005 | 20180405235008.0 | ||
| 007 | ta | ||
| 008 | 120402s2012 xr a e c 001 0dita | ||
| 015 | |a cnb002277402 | ||
| 020 | |a 978-80-260-1551-2 |q (váz.) |z 978-80-260-151-2 | ||
| 035 | |a (OCoLC)794207768 | ||
| 040 | |a ABA001 |b cze | ||
| 041 | 1 | |a ita |a cze |a eng |h cze |h ita | |
| 043 | |a e-cs--- | ||
| 045 | |a x4x8 | ||
| 072 | 7 | |a 72/76 |x Výtvarné umění |2 Konspekt |9 21 | |
| 080 | |a 72/76(437.3) |2 MRF | ||
| 080 | |a 7.036.1(1-664) |2 MRF | ||
| 080 | |a (437) |2 MRF | ||
| 080 | |a (083.824) |2 MRF | ||
| 245 | 0 | 0 | |a Realismo socialista Cecoslovacchia 1948-1989 = |b Socialist realism Czechoslovakia 1948-1989 = Socialistický realismus Československo 1948-1989 / |c [catalogo ideazione Francesco Augusto Razetto, Ottaviano Maria Razetto ; traduzioni in Inglese Josef Prochazka ; traduzioni in Italiano Lada Fredy] |
| 246 | 3 | 1 | |a Socialist realism Czechoslovakia 1948-1989 |
| 246 | 3 | 1 | |a Socialistický realismus Československo 1948-1989 |
| 260 | |a Praha : |b Fondazione Eleutheria, |c 2012 | ||
| 300 | |a 208 s. : |b barev. il. ; |c 31 cm | ||
| 500 | |a Publikace je vydána k příležitosti výstavy ve Villa Manin - Codroipo (Udine), konané 23. března - 8. července 2012 | ||
| 504 | |a Obsahuje bibliografii a rejstřík | ||
| 546 | |a Souběžný český a anglický text | ||
| 648 | 7 | |a 1948-1989 |7 ch460661 |2 czenas | |
| 648 | 7 | |a 20. století |7 ch460558 |2 czenas | |
| 650 | 0 | 7 | |a české výtvarné umění |7 ph116865 |y 20. století |2 czenas |
| 650 | 0 | 7 | |a socialistický realismus (umění) |7 ph125747 |z Československo |2 czenas |
| 650 | 0 | 9 | |a Czech art |y 20th century |2 eczenas |
| 650 | 0 | 9 | |a socialist realism (art) |z Czechoslovakia |2 eczenas |
| 655 | 7 | |a katalogy výstav |7 fd132536 |2 czenas | |
| 655 | 9 | |a exhibition catalogs |2 eczenas | |
| 700 | 1 | |a Razetto, Francesco Augusto, |d 1965- |7 xx0088131 |4 edt | |
| 700 | 1 | |a Razetto, Ottaviano Maria, |d 1974- |7 jo2012693317 |4 edt | |
| 710 | 2 | |a Villa Manin di Passariano |7 kn20120410003 | |
| 856 | 4 | 1 | |u https://www.digitalniknihovna.cz/mzk/uuid/uuid:117cd230-1575-11e8-a0cf-005056827e52 |y Digitalizovaný dokument |x NDK |
| 910 | 2 | |a BOA001 |b 4-1281.522 | |
| 928 | 9 | |a Eleutheria | |
| 928 | 9 | |a Nadační fond Eleutheria | |
| 990 | |a BK | ||
| 995 | |a 01 | ||
| 991 | |b 201204 |c NOV |e n | ||
| 996 | 6 | |b 2610506543 |c 4-1281.522 |l Stud. humanitních věd/4.patr |r Sklad / do 1 hodiny |n 6 |p p.v. |w 001237230 |u 000010 |a 1 |e BOA001 |j MZK50 |s P | |
English
Čeština 